| 000 | 00492nam a2200205Ia 4500 | ||
|---|---|---|---|
| 003 | OSt | ||
| 005 | 20230426151530.0 | ||
| 008 | 210423s2012 xx 000 0 und d | ||
| 020 | _a9789380108117 | ||
| 040 | _cAL | ||
| 041 | _aeng | ||
| 082 |
_a514 _223 _bPATC |
||
| 100 |
_aPATTY (C Wayne). _993573 |
||
| 245 | _aFoundations of topology. | ||
| 250 | _a2 | ||
| 260 |
_aNew Delhi _bJones & Bartlett Publishers _c2012 |
||
| 300 |
_avi,380 _bPB |
||
| 365 |
_b295 _cINR |
||
| 942 |
_2ddc _cBK |
||
| 999 |
_c161140 _d161140 |
||